| 000 | 01296cab a2200397 4500 | ||
|---|---|---|---|
| 001 | ABS58934 | ||
| 008 | 090401t1998 xxu||||| |||| 00| 0 eng d | ||
| 035 | _a(Sirsi) u87076 | ||
| 041 | _aeng | ||
| 100 | _aDavies, H.W.E. | ||
| 245 | _aContinuity and change | ||
| 260 | _c1998 | ||
| 350 | _a0 | ||
| 490 |
_aTown Planning Review _v69(2) April 1998, 135-152(18) |
||
| 520 | _aExamines the evolution of the British planning system over the last 50 years,during a period when the legislative principles have remained substantially unaltered but the social, political and economic conditions have changed considerably. References. | ||
| 650 | _aBETTERMENT | ||
| 650 | _aCOMPENSATION | ||
| 650 | _aCONSERVATION | ||
| 650 | _aDEVELOPMENT CORPORATIONS | ||
| 650 | _aDEVELOPMENT PLANS | ||
| 650 | _aENTERPRISE ZONES | ||
| 650 | _aEXPENDITURE CUTS | ||
| 650 | _aGREEN BELTS | ||
| 650 | _aHISTORY | ||
| 650 | _aNEW TOWNS | ||
| 650 | _aPLANNING SYSTEM | ||
| 650 | _aQUALIFICATIONS | ||
| 650 | _aTOWN AND COUNTRY PLANNING ACT 1947 | ||
| 650 | _aTOWN AND COUNTRY PLANNING ACT 1990 | ||
| 650 | _aURBAN DECLINE | ||
| 650 | _aTOWN AND COUNTRY PLANNING (USE CLASSES) ORDERS | ||
| 650 | _aZONING | ||
| 690 | _aPLANNING LAW AND PRACTICE | ||
| 942 | _n0 | ||
| 948 | _c29/06/1998 | ||
| 999 |
_c54871 _d54871 |
||